Marasi Anees k Jamaliyati Anasir (Record no. 614129)

000 -LEADER
fixed length control field 00593nam a22001697a 4500
082 ## - DEWEY DECIMAL CLASSIFICATION NUMBER
Classification number 891.4391092
Author Mark HAM
100 ## - MAIN ENTRY--PERSONAL NAME
Personal name Hamaio, Zahid
245 ## - TITLE STATEMENT
Title Marasi Anees k Jamaliyati Anasir
Statement of responsibility, etc. Zahid Hamaio\
260 ## - PUBLICATION, DISTRIBUTION, ETC.
Place of publication, distribution, etc. Islamabad:
Name of publisher, distributor, etc. Poorab Academy,
Date of publication, distribution, etc. 2016
300 ## - PHYSICAL DESCRIPTION
Extent 311p.:
Dimensions 25cm.
563 ## - BINDING INFORMATION
Binding note HB
650 ## - SUBJECT ADDED ENTRY--TOPICAL TERM
Topical term or geographic name entry element Urdu poetry
880 ## - ALTERNATE GRAPHIC REPRESENTATION
Linkage 100-01\(3\r
Title زاہد ہمائیوں
880 ## - ALTERNATE GRAPHIC REPRESENTATION
Linkage 245-02\(3\r
Title مراثیِ انیس کے جمالیاتی عناصر\
b زاہد ہمائیوں
880 ## - ALTERNATE GRAPHIC REPRESENTATION
Linkage 260-03\(3\r
Title اسلام آباد:
b پُورب اکیڈمی,
c 2016
942 ## - ADDED ENTRY ELEMENTS (KOHA)
Source of classification or shelving scheme
Koha item type Book
650 ## - SUBJECT ADDED ENTRY--TOPICAL TERM
-- 751
Holdings
Withdrawn status Lost status Source of classification or shelving scheme Damaged status Not for loan Permanent Location Current Location Date acquired Total Checkouts Full call number Barcode Date last seen Price effective from Koha item type
          Central Library (CL) Central Library (CL) 07/08/2025   891.4391092 HAM CL-D-2912 07/08/2025 07/08/2025 Book
© 2023 Central Library, National University of Sciences and Technology. All Rights Reserved.